[Event "World Rapid 2018"]
[Site "St Petersburg RUS"]
[Date "2018.12.27"]
[Round "7.55"]
[White "Paravyan, David"]
[Black "Anisimov, Pavel2"]
[Result "0-1"]
[WhiteTitle "GM"]
[BlackTitle "IM"]
[WhiteElo "2634"]
[BlackElo "2533"]
[WhiteFideId "4194985"]
[BlackFideId "4135229"]
[EventDate "2018.12.26"]

1. e4 c5 2. Nf3 d6 3. d4 cxd4 4. Nxd4 Nf6 5. Nc3 a6 6. a3 g6 7. f3 Bg7 8. Be3 b5
9. Qd2 h5 10. Be2 Bb7 11. O-O Nbd7 12. a4 b4 13. Na2 d5 14. Nxb4 dxe4 15. Rad1
Qc7 16. c3 Ne5 17. Qe1 exf3 18. Nxf3 Neg4 19. Bd3 Bxf3 20. Rxf3 Qxh2+ 21. Kf1
Qh1+ 22. Ke2 Qxg2+ 23. Bf2 Ne5 24. Rg3 Qb7 25. Bc2 h4 26. Rh3 Nh5 27. Kf1 Qc8
28. Rh1 Qc4+ 29. Qe2 Qf4 30. Ke1 Ng3 31. Bxg3 Qxg3+ 32. Kf1 Qf4+ 33. Qf2 Qc4+
34. Qe2 Qxe2+ 35. Kxe2 e6 36. Be4 Ra7 37. a5 f5 38. Bg2 Ke7 39. Rd4 g5 40. Rhd1
h3 41. Bh1 g4 42. Kf2 Bf6 43. Rd6 f4 44. Be4 g3+ 45. Ke2 h2 46. Rb6 Kf7 47. Nxa6
f3+ 48. Bxf3 Nxf3 49. Kxf3 h1=Q+ 50. Rxh1 Rxh1 51. Kxg3 Bd8 52. Rd6 Bxa5 53. Kg2
Rc1 54. b4 Bc7 55. Rc6 Be5 56. c4 Rxa6 57. Rxa6 Rxc4 58. Rb6 Rc3 59. Kf1 Bd4 60.
Rb5 Kf6 61. Ke2 e5 0-1

[Event "World Rapid 2018"]
[Site "St Petersburg RUS"]
[Date "2018.12.27"]
[Round "7.56"]
[White "Nozdrachev, Vladislav"]
[Black "Novikov, Stanislav"]
[Result "1/2-1/2"]
[WhiteTitle "IM"]
[BlackTitle "GM"]
[WhiteElo "2486"]
[BlackElo "2540"]
[WhiteFideId "24113441"]
[BlackFideId "4125371"]
[EventDate "2018.12.26"]

1. e4 g6 2. d4 Bg7 3. Nc3 c6 4. Nf3 b5 5. e5 d6 6. exd6 exd6 7. Bd3 Ne7 8. O-O
O-O 9. Re1 h6 10. Bf4 g5 11. Nxg5 hxg5 12. Bxg5 f6 13. Qh5 Rf7 14. Rxe7 Qxe7 15.
Qh7+ Kf8 16. Bh6 Ke8 17. Bxg7 Rxg7 18. Qh8+ Qf8 19. Re1+ Re7 20. Bg6+ Kd7 21.
Bf5+ Ke8 22. Bg6+ 1/2-1/2

[Event "World Rapid 2018"]
[Site "St Petersburg RUS"]
[Date "2018.12.27"]
[Round "7.57"]
[White "Postny, Evgeny"]
[Black "Sanikidze, Tornike"]
[Result "1-0"]
[WhiteTitle "GM"]
[BlackTitle "GM"]
[WhiteElo "2615"]
[BlackElo "2507"]
[WhiteFideId "2804344"]
[BlackFideId "13602608"]
[EventDate "2018.12.26"]

1. d4 d5 2. c4 e6 3. Nf3 Nf6 4. g3 dxc4 5. Bg2 Nc6 6. Qa4 Bb4+ 7. Bd2 Nd5 8.
Bxb4 Nxb4 9. Nc3 Bd7 10. O-O a5 11. Qd1 O-O 12. e3 a4 13. Nxa4 Nxd4 14. Qxd4
Rxa4 15. Qxc4 Nd5 16. Qc2 Bb5 17. Rfd1 Qe7 18. Nd4 Rc4 19. Qd2 Bd7 20. a3 Ra4
21. Rac1 c5 22. Nf5 Qf6 23. Nd6 b6 24. Nc4 Bb5 25. b3 Ra6 26. Nd6 Bc6 27. e4 Ne7
28. a4 Raa8 29. Nc4 b5 30. axb5 Bxb5 31. e5 1-0

[Event "World Rapid 2018"]
[Site "St Petersburg RUS"]
[Date "2018.12.27"]
[Round "7.58"]
[White "Tsydypov, Zhamsaran"]
[Black "Sanal, Vahap"]
[Result "1/2-1/2"]
[WhiteTitle "IM"]
[BlackTitle "GM"]
[WhiteElo "2529"]
[BlackElo "2490"]
[WhiteFideId "4108566"]
[BlackFideId "6300545"]
[EventDate "2018.12.26"]

1. e4 e5 2. Nf3 Nc6 3. Bc4 Bc5 4. d3 Nf6 5. c3 O-O 6. O-O d6 7. Nbd2 a5 8. Re1
Ng4 9. Re2 Kh8 10. h3 f5 11. exf5 Nxf2 12. Rxf2 Bxf2+ 13. Kxf2 d5 14. Bb5 Bxf5
15. Kg1 Qd6 16. Qe2 Qc5+ 17. d4 exd4 18. Nb3 Qb6 19. Nbxd4 Rae8 20. Be3 Nxd4 21.
Nxd4 c6 22. Nxf5 cxb5 23. Qd3 Qe6 24. Rf1 Qe4 25. Qxe4 Rxe4 26. Bd4 Kg8 27. Ne3
Rfe8 28. Rf3 h6 29. Rg3 g5 30. Rf3 R8e6 31. Kf2 b4 32. Rf5 bxc3 33. bxc3 b5 34.
Kf3 b4 35. Nxd5 Re1 36. Nf6+ Kf7 37. Ng4+ Ke8 38. Rxa5 Rf1+ 39. Kg3 bxc3 40.
Bxc3 Rd6 41. Ra8+ Kd7 42. Ne5+ Kc7 43. Ra7+ Kc8 44. Ba5 Rc1 45. Ra8+ Kb7 46. Rd8
Ra6 47. Rd5 Ra1 48. Rb5+ Kc8 49. Rc5+ Kb7 50. Rc7+ Ka8 51. Rc8+ Kb7 52. Rc7+ Ka8
53. Nc4 Rxa2 54. Nb6+ Kb8 55. Nd7+ Ka8 56. Nb6+ Kb8 57. Nd7+ Ka8 58. Bb4 Rb2 59.
Bf8 Raa2 60. Rc8+ Ka7 61. Rc7+ Ka8 62. Rc8+ Ka7 63. Bc5+ Kb7 64. Rb8+ Kc6 65.
Ne5+ Kd5 66. Rxb2 Rxb2 67. Bf8 Rb8 68. Ng6 h5 69. Be7 Ke6 70. Bc5 Rb3+ 71. Kf2
Rb2+ 72. Kf3 Rb3+ 73. Be3 Kf6 74. Nf8 Rb7 75. Bd4+ Kf7 76. Nh7 Kg6 77. Nf8+ Kf7
78. Nh7 Kg6 79. Nf8+ Kf7 80. Nh7 Kg6 81. Nf8+ Kf7 82. Nh7 1/2-1/2

[Event "World Rapid 2018"]
[Site "St Petersburg RUS"]
[Date "2018.12.27"]
[Round "7.59"]
[White "Bindrich, Falko"]
[Black "Maghsoodloo, Parham"]
[Result "1/2-1/2"]
[WhiteTitle "GM"]
[BlackTitle "GM"]
[WhiteElo "2606"]
[BlackElo "2688"]
[WhiteFideId "4676670"]
[BlackFideId "12539929"]
[EventDate "2018.12.26"]

1. d4 g6 2. e4 Bg7 3. Nf3 d6 4. Nc3 Nf6 5. Be2 O-O 6. O-O a6 7. a4 Nc6 8. h3 e5
9. dxe5 Nxe5 10. Nxe5 dxe5 11. Qxd8 Rxd8 12. Bg5 Re8 13. Rfd1 Be6 14. a5 Rac8
15. Bxf6 Bxf6 16. Bg4 Be7 17. Nd5 Bg5 18. Bxe6 Rxe6 19. Rd3 h5 20. Rad1 h4 21.
Rb3 b5 22. axb6 cxb6 23. c3 b5 24. Ra3 Bd8 25. Rda1 a5 26. Rb3 Rc5 27. Rd1 a4
28. Ra3 Bg5 29. b3 axb3 30. Rxb3 Ra6 31. Rdb1 Ra5 32. Kf1 f5 33. f3 Kf7 34. Ke2
Ke6 35. Rxb5 Rcxb5 36. Rxb5 Ra2+ 37. Kf1 Ra1+ 38. Kf2 Ra2+ 39. Kf1 Ra1+ 40. Kf2
Ra2+ 41. Kf1 1/2-1/2

[Event "World Rapid 2018"]
[Site "St Petersburg RUS"]
[Date "2018.12.27"]
[Round "7.60"]
[White "Vokhidov, Shamsiddin"]
[Black "Gareyev, Timur"]
[Result "1-0"]
[WhiteTitle "IM"]
[BlackTitle "GM"]
[WhiteElo "2480"]
[BlackElo "2569"]
[WhiteFideId "14204223"]
[BlackFideId "14200937"]
[EventDate "2018.12.26"]

1. e4 e5 2. Nf3 Nc6 3. Bc4 Bc5 4. d3 d6 5. O-O a6 6. c3 Ba7 7. d4 Bg4 8. Qb3 Na5
9. Qa4+ c6 10. Be2 b5 11. Qc2 Bxf3 12. Bxf3 Nf6 13. a4 O-O 14. Bg5 exd4 15. axb5
axb5 16. e5 dxe5 17. Bxf6 Qxf6 18. Rxa5 d3 19. Qxd3 Bxf2+ 20. Rxf2 Rxa5 21. Be4
Qh6 22. g3 Raa8 23. Qf3 Rac8 24. Nd2 Rcd8 25. Nf1 f5 26. Bxf5 Qd6 27. Qe3 g6 28.
Be4 Rxf2 29. Qxf2 b4 30. cxb4 Rb8 31. Qc5 Qd4+ 32. Qxd4 exd4 33. Bxc6 Rxb4 34.
b3 Kg7 35. Bd5 d3 36. Bc4 Rb8 37. Kf2 Rf8+ 38. Kg2 Rd8 39. Nd2 Re8 40. Kf3 Re2
41. Nf1 Rb2 42. Ke3 Rb1 43. Nd2 Rh1 44. h4 h6 45. Kxd3 Rg1 46. Ne4 g5 47. hxg5
hxg5 48. Be6 Rd1+ 49. Ke2 Rd4 50. Ke3 Rb4 51. g4 Rb6 52. Bd5 Kg6 53. Kd4 Rb8 54.
Kc5 Rc8+ 55. Bc6 Rf8 56. Bd7 Rf1 57. b4 Rc1+ 58. Kd6 Rd1+ 59. Kc6 Rc1+ 60. Nc5
Kf6 61. b5 Ke7 62. Bf5 1-0

[Event "World Rapid 2018"]
[Site "St Petersburg RUS"]
[Date "2018.12.27"]
[Round "7.61"]
[White "Indjic, Aleksandar"]
[Black "Vorotnikov, Vladislav V"]
[Result "1-0"]
[WhiteTitle "GM"]
[BlackTitle "GM"]
[WhiteElo "2620"]
[BlackElo "2417"]
[WhiteFideId "911925"]
[BlackFideId "4103009"]
[EventDate "2018.12.26"]

1. d4 Nf6 2. c4 d6 3. Nf3 Bg4 4. Nc3 c6 5. e3 Nbd7 6. h3 Bh5 7. g4 Bg6 8. Nh4
Ne4 9. Nxg6 Nxc3 10. bxc3 hxg6 11. Rb1 Qc7 12. Bg2 e6 13. g5 d5 14. Qb3 Qb6 15.
Qc2 Qa6 16. e4 dxc4 17. f4 f5 18. O-O Bd6 19. a4 O-O 20. h4 Rf7 21. Qe2 Nf8 22.
e5 Bc7 23. Ba3 Qxa4 24. Bxf8 Kxf8 25. h5 Bb6 26. hxg6 Rd7 27. Qh5 Ke7 28. Qh7
Kd8 29. Qg8+ Kc7 30. Qxe6 Qc2 31. Rbc1 Qd3 32. Rf3 Qd2 33. Rcf1 a5 34. Qxf5 a4
35. e6 Rdd8 36. Qe5+ Rd6 37. Qxg7+ Kb8 38. Qf8+ Rd8 39. Qe7 1-0

[Event "World Rapid 2018"]
[Site "St Petersburg RUS"]
[Date "2018.12.27"]
[Round "7.62"]
[White "Nihal, Sarin"]
[Black "Yuffa, Daniil"]
[Result "0-1"]
[WhiteTitle "GM"]
[BlackTitle "GM"]
[WhiteElo "2576"]
[BlackElo "2572"]
[WhiteFideId "25092340"]
[BlackFideId "24131423"]
[EventDate "2018.12.26"]

1. d4 Nf6 2. c4 g6 3. Nc3 Bg7 4. e4 d6 5. Nf3 O-O 6. Be2 e5 7. O-O Nc6 8. d5 Ne7
9. Qc2 a5 10. Rd1 Nd7 11. Be3 Kh8 12. a3 f5 13. Ng5 Nf6 14. f3 Bh6 15. Nf7+ Rxf7
16. Bxh6 f4 17. c5 Neg8 18. Bg5 h6 19. Bh4 g5 20. Bf2 g4 21. Kf1 Rg7 22. Rac1
gxf3 23. Bxf3 Ng4 24. h3 Nh2+ 25. Ke2 b6 26. cxb6 Ba6+ 27. Ke1 Qc8 28. Ne2 Nxf3+
29. gxf3 Qxh3 30. Qb3 Rg2 31. bxc7 Rxf2 32. Kxf2 Qh2+ 33. Kf1 Bxe2+ 34. Ke1 Bxd1
35. Kxd1 Rc8 36. Qb7 Ne7 37. Rc3 h5 38. Qb6 Rg8 0-1

[Event "World Rapid 2018"]
[Site "St Petersburg RUS"]
[Date "2018.12.27"]
[Round "7.63"]
[White "Zvjaginsev, Vadim"]
[Black "Van Foreest, Jorden"]
[Result "0-1"]
[WhiteTitle "GM"]
[BlackTitle "GM"]
[WhiteElo "2642"]
[BlackElo "2614"]
[WhiteFideId "4113403"]
[BlackFideId "1039784"]
[EventDate "2018.12.26"]

1. Nf3 d5 2. g3 Nc6 3. Bg2 e5 4. d3 g6 5. O-O Bg7 6. e4 Nge7 7. exd5 Nxd5 8. Nc3
Nxc3 9. bxc3 O-O 10. Re1 h6 11. Rb1 Rb8 12. c4 b6 13. Rb5 Bb7 14. Bb2 Re8 15.
Nxe5 Nxe5 16. Bxe5 a6 17. Bxg7 axb5 18. Bxh6 Rxe1+ 19. Qxe1 Bxg2 20. Kxg2 Kh7
21. Bf4 bxc4 22. dxc4 Qd7 23. Qe4 Re8 24. Qd5 Re7 25. h4 Qxd5+ 26. cxd5 b5 27.
Kf3 f5 28. d6 cxd6 29. Bxd6 Re4 30. c3 Kg7 31. a3 Kf6 32. Bf4 Ke6 33. g4 Rc4 34.
gxf5+ Kxf5 35. Bd2 Rxh4 36. Ke3 g5 37. f3 Rh1 38. c4 bxc4 39. a4 Ra1 0-1

[Event "World Rapid 2018"]
[Site "St Petersburg RUS"]
[Date "2018.12.27"]
[Round "7.64"]
[White "Vallejo Pons, Francisco"]
[Black "Sokolov, Andrei2"]
[Result "1-0"]
[WhiteTitle "GM"]
[BlackTitle "IM"]
[WhiteElo "2695"]
[BlackElo "2532"]
[WhiteFideId "2205530"]
[BlackFideId "11600306"]
[EventDate "2018.12.26"]

1. e4 c6 2. d4 d5 3. e5 Bf5 4. Nd2 e6 5. Nb3 Nd7 6. Nf3 Ne7 7. c3 Bg4 8. h3 Bxf3
9. Qxf3 c5 10. Bb5 Nc6 11. O-O a6 12. Bxc6 bxc6 13. Be3 c4 14. Nd2 Be7 15. Qg4
g6 16. b3 cxb3 17. axb3 O-O 18. Bh6 Re8 19. f4 Bf8 20. Bxf8 Kxf8 21. Nf3 c5 22.
Kh1 a5 23. Ng5 h6 24. Nh7+ Kg7 25. f5 h5 26. Qg3 h4 27. f6+ 1-0

[Event "World Rapid 2018"]
[Site "St Petersburg RUS"]
[Date "2018.12.27"]
[Round "7.65"]
[White "Iljiushenok, Ilia"]
[Black "Teterev, Vitaly"]
[Result "0-1"]
[WhiteTitle "GM"]
[BlackTitle "GM"]
[WhiteElo "2533"]
[BlackElo "2486"]
[WhiteFideId "24105074"]
[BlackFideId "13501429"]
[EventDate "2018.12.26"]

1. e4 c5 2. Nc3 d6 3. d4 cxd4 4. Qxd4 Nf6 5. b3 e5 6. Qd2 Be7 7. Bb2 O-O 8.
O-O-O Nc6 9. Kb1 a6 10. f3 b5 11. Nge2 Be6 12. g4 Rc8 13. h4 Nb4 14. a3 Nc6 15.
g5 Nd7 16. Nd5 Nb6 17. Bh3 Bxh3 18. Rxh3 Re8 19. Nxb6 Qxb6 20. Nc3 Qa5 21. b4
Qd8 22. Nd5 Bf8 23. h5 Re6 24. Rg1 Ne7 25. f4 Nxd5 26. exd5 Re7 27. f5 Rec7 28.
c3 Qd7 29. Qd3 Rc4 30. f6 Rg4 31. Rhg3 Rcc4 32. g6 fxg6 33. hxg6 hxg6 34. Bc1
Qf5 35. f7+ Kxf7 36. Rf1 Rgf4 37. Bxf4 exf4 38. Kc2 Be7 39. Rgf3 Qxd3+ 40. Rxd3
Bf6 41. a4 g5 42. axb5 axb5 43. Kd2 g4 44. Rg1 f3 45. Ke3 Kg6 46. Kf2 Kf5 47.
Kg3 Be5+ 48. Kf2 Bxc3 49. Rgd1 Bxb4 50. Kg3 Rc2 0-1

[Event "World Rapid 2018"]
[Site "St Petersburg RUS"]
[Date "2018.12.27"]
[Round "7.66"]
[White "Lintchevski, Daniil"]
[Black "Drygalov, Sergey"]
[Result "1/2-1/2"]
[WhiteTitle "GM"]
[BlackTitle "IM"]
[WhiteElo "2516"]
[BlackElo "2446"]
[WhiteFideId "4171055"]
[BlackFideId "24171743"]
[EventDate "2018.12.26"]

1. e4 c5 2. Nf3 d6 3. d4 cxd4 4. Nxd4 Nf6 5. Nc3 a6 6. h3 e5 7. Nf3 Be7 8. Bc4
Be6 9. Bb3 O-O 10. O-O Nc6 11. Bg5 Na5 12. Bxf6 Bxf6 13. Nd5 Nxb3 14. axb3 Bg5
15. Qd3 Bh6 16. Rad1 f5 17. Nc3 fxe4 18. Nxe4 d5 19. Nc5 e4 20. Qd4 Qe7 21. Qe5
Rae8 22. Qxe6+ Qxe6 23. Nxe6 Rxe6 24. Nd4 Rd6 25. c3 g6 26. b4 Re8 27. Rfe1 Bg7
28. Re2 Red8 29. g3 Kf7 30. Kg2 b5 31. h4 Bxd4 32. Rxd4 h5 33. Re3 R8d7 34. Kf1
Rd8 35. Ke2 R8d7 36. Kd2 Rf6 37. Ke1 Rfd6 38. Ke2 Rd8 39. Kf1 R8d7 40. Kg2 Rd8
41. Re2 R8d7 42. Re1 Rd8 43. Red1 R8d7 44. f3 exf3+ 45. Kxf3 Rf6+ 46. Rf4 Rd6
47. g4 hxg4+ 48. Kxg4 Rxf4+ 49. Kxf4 Kf6 50. Kg4 Rd7 51. Rf1+ Kg7 52. Rd1 Kf6
53. Rd4 Rd8 54. Rf4+ Kg7 55. Rd4 Kf6 56. Kf4 Rd7 57. Ke3 Re7+ 58. Kd3 Re5 59.
Rg4 Rh5 60. Ke3 Kf5 61. Rd4 Ke5 62. Rg4 Kf5 63. Kf3 Kf6 64. Rf4+ Ke5 65. Rg4 Kf6
66. Rd4 g5 67. hxg5+ Rxg5 68. Rh4 Rg6 69. Kf4 Ke6 70. Rh8 Rf6+ 71. Ke3 Kd6 72.
Ra8 Ke5 73. Rg8 Kd6 74. Rg5 Rh6 75. Rg3 Ke5 76. Kd3 Kd6 77. Rf3 Ke5 78. Re3+ Kd6
79. Rg3 Ke5 80. Rg5+ Kd6 81. Rg8 Ke5 82. Re8+ Kd6 83. Re2 Rh3+ 84. Kc2 Rh4 85.
Rg2 Rh6 86. Rg1 Ke5 87. Re1+ Kd6 88. Kb3 Rh4 89. Ra1 d4 90. Rxa6+ Kc7 91. Rf6
dxc3 92. bxc3 Rh2 93. Rf5 Kb6 94. Rf1 Rg2 95. Ra1 Rf2 96. Ra2 Rf6 97. Rh2 Kc6
98. Kc2 Rd6 99. Rh4 Kb6 100. Rd4 Rg6 101. Rd8 Rg2+ 102. Kd3 Rg3+ 103. Kc2 Rg2+
104. Rd2 Rg6 105. Rd3 Rg2+ 106. Kd1 Kc6 107. Re3 Kd5 108. Re2 Rg6 109. Kc2 Kc6
110. Re4 Rd6 111. Rf4 Kb6 112. Rf3 Kc6 113. Rd3 Rh6 114. Kd2 Rh2+ 115. Ke3 Rh3+
116. Ke4 Rh4+ 117. Kf5 Rh5+ 118. Kg4 Rh1 119. Rd8 Rg1+ 120. Kf3 Rf1+ 121. Ke2
Rf6 122. Ke3 Rh6 123. Rc8+ Kb6 124. Rf8 Kc6 125. Rf5 Re6+ 126. Kd4 Rd6+ 127. Ke4
Rd1 128. Rf6+ Kb7 129. Rf5 Kc6 130. Rc5+ Kb6 131. Ke5 Rd3 132. Ke4 Rh3 1/2-1/2

[Event "World Rapid 2018"]
[Site "St Petersburg RUS"]
[Date "2018.12.27"]
[Round "7.67"]
[White "Usmanov, Vasily"]
[Black "Smirin, Ilia"]
[Result "1/2-1/2"]
[WhiteTitle "IM"]
[BlackTitle "GM"]
[WhiteElo "2450"]
[BlackElo "2609"]
[WhiteFideId "4135741"]
[BlackFideId "2801990"]
[EventDate "2018.12.26"]

1. d4 Nf6 2. c4 g6 3. Nc3 Bg7 4. Nf3 d6 5. Bf4 O-O 6. e3 c5 7. dxc5 dxc5 8. Qxd8
Rxd8 9. h3 Nc6 10. Bc7 Rd7 11. Bh2 Nb4 12. Rc1 Nd3+ 13. Bxd3 Rxd3 14. Ke2 Rd8
15. Rhd1 Be6 16. b3 a6 17. Ng5 Bf5 18. g4 Bd7 19. Nge4 Nxe4 20. Nxe4 Bc6 21.
Nxc5 Bb2 22. Rb1 Ba3 23. Nd3 b5 24. f3 f6 25. Nf4 Rxd1 26. Rxd1 bxc4 27. bxc4
Bd6 28. Bg1 Ba4 29. Rc1 Ba3 30. Rb1 Rc8 31. Kd3 Rd8+ 32. Kc3 Rd1 33. Rxd1 Bxd1
34. Nd3 Bxf3 35. Kb3 Bd6 36. c5 Bc7 37. Nb4 a5 38. Na6 Bd8 39. Bh2 e5 40. g5 Kf7
41. Nb8 Ke6 42. gxf6 Bxf6 43. Ka4 Be7 44. Kb5 Bd8 45. Nc6 Be2+ 46. Ka4 Bc7 47.
Nxa5 Kd5 48. Kb4 g5 49. a4 h5 50. Nb3 Bf1 51. e4+ Kc6 52. h4 gxh4 53. Nd2 Bd3
54. a5 h3 55. Bg3 Kb7 56. Nc4 Ka6 57. c6 Bxe4 58. Kc5 h4 59. Bh2 Bf5 60. Nxe5
Bxa5 61. Nf3 Bd8 62. Kd6 Bf6 63. Bg1 Kb5 64. c7 Kc4 65. Ne5+ Bxe5+ 66. Kxe5 Bc8
67. Ke4 1/2-1/2

[Event "World Rapid 2018"]
[Site "St Petersburg RUS"]
[Date "2018.12.27"]
[Round "7.68"]
[White "Tukhaev, Adam"]
[Black "Sharma, Dinesh K."]
[Result "1/2-1/2"]
[WhiteTitle "GM"]
[BlackTitle "IM"]
[WhiteElo "2527"]
[BlackElo "2295"]
[WhiteFideId "14109476"]
[BlackFideId "5004110"]
[EventDate "2018.12.26"]

1. e4 e6 2. b3 a5 3. a4 d5 4. Bb2 dxe4 5. Nc3 Nf6 6. Qe2 Nc6 7. O-O-O Nd4 8. Qe1
Bd7 9. Nxe4 Bc6 10. f3 Be7 11. Qf2 Nf5 12. Bd3 Nd6 13. Ne2 Ndxe4 14. fxe4 Nxe4
15. Bxe4 Bxe4 16. Bxg7 Rg8 17. Bb2 Rxg2 18. Qe3 Rxe2 19. Qxe2 Bxh1 20. Rxh1 Qd5
21. Rf1 Bg5 22. Bc3 h6 23. Kb2 O-O-O 24. Rxf7 Bxd2 25. Bf6 Rd6 26. Qb5 Qxb5 27.
axb5 b6 28. Be5 Rd7 29. Rf6 Re7 30. c4 Kd7 31. Kc2 Bg5 32. Rf8 Rh7 33. Kd3 Be7
34. Rf3 h5 35. Ke4 h4 36. h3 Bd6 37. Bf6 Rh5 38. Rf1 c6 39. bxc6+ Kxc6 40. Rf3
Bg3 41. Bc3 Bd6 42. Rf6 Kd7 43. Rf7+ Kc6 44. Rf6 Kd7 45. Rf7+ Kc6 46. Rf6 Kd7
47. Rf7+ 1/2-1/2

[Event "World Rapid 2018"]
[Site "St Petersburg RUS"]
[Date "2018.12.27"]
[Round "7.69"]
[White "Kevlishvili, Robby"]
[Black "Gasanov, Eldar"]
[Result "1/2-1/2"]
[WhiteTitle "IM"]
[BlackTitle "GM"]
[WhiteElo "2451"]
[BlackElo "2499"]
[WhiteFideId "1040634"]
[BlackFideId "14104466"]
[EventDate "2018.12.26"]

1. e4 e5 2. Nf3 Nc6 3. Bb5 g6 4. c3 a6 5. Ba4 d6 6. d4 Bd7 7. O-O Bg7 8. Bg5 f6
9. Be3 Nh6 10. dxe5 dxe5 11. h3 Nf7 12. c4 O-O 13. Nc3 f5 14. Nd5 Re8 15. b4 f4
16. Bd2 g5 17. c5 g4 18. hxg4 Bxg4 19. Qb3 Be6 20. Rad1 Ng5 21. Nxg5 Qxg5 22.
Qd3 Rad8 23. Bc3 Rf8 24. f3 Kh8 25. Qe2 Nd4 26. Bxd4 exd4 27. Nxc7 d3 28. Nxe6
Bd4+ 29. Qf2 Bxf2+ 30. Rxf2 Qf6 31. Nxf8 Qxf8 32. Rfd2 Qf6 33. Rxd3 Rxd3 34.
Rxd3 Qa1+ 35. Kh2 Qxa2 36. Bb3 Qf2 37. Rd8+ Kg7 38. Rd7+ Kh6 39. Bd5 Qh4+ 40.
Kg1 Qe1+ 41. Kh2 Qg3+ 42. Kh1 Qe1+ 43. Kh2 Qxb4 44. e5 Qe1 45. Be4 Qg3+ 46. Kh1
Qe1+ 47. Kh2 Qh4+ 48. Kg1 Qe1+ 1/2-1/2

[Event "World Rapid 2018"]
[Site "St Petersburg RUS"]
[Date "2018.12.27"]
[Round "7.70"]
[White "Gabrielian, Artur"]
[Black "Kobo, Ori"]
[Result "0-1"]
[WhiteTitle "GM"]
[BlackTitle "GM"]
[WhiteElo "2499"]
[BlackElo "2494"]
[WhiteFideId "4131002"]
[BlackFideId "2812320"]
[EventDate "2018.12.26"]

1. e4 g6 2. d4 Bg7 3. Nc3 d6 4. Nf3 Nf6 5. Be3 a6 6. Qd2 O-O 7. Bh6 c5 8. Bxg7
Kxg7 9. h4 h5 10. O-O-O Nc6 11. d5 Na7 12. Ng5 b5 13. Ne2 b4 14. Kb1 Nb5 15. f3
Bd7 16. g4 Rh8 17. gxh5 Nxh5 18. Rg1 Qb6 19. Ka1 a5 20. Nf4 Nd4 21. Bd3 a4 22.
e5 dxe5 23. Nxf7 Nxf3 24. Qe3 Nxf4 25. Qxf3 Kxf7 26. d6 Bf5 27. Bc4+ e6 28. Qe3
b3 29. Qxe5 bxc2 30. Rc1 Rab8 31. d7 a3 32. b3 Nd5 33. Rcf1 c1=Q+ 34. Rxc1 Qc7
35. Qe1 Qxd7 36. Rd1 Qe7 37. Qe5 Qf6 0-1

[Event "World Rapid 2018"]
[Site "St Petersburg RUS"]
[Date "2018.12.27"]
[Round "7.71"]
[White "Anikonov, Dmitry"]
[Black "Shinkevich, Vitaly"]
[Result "1-0"]
[WhiteTitle "FM"]
[BlackTitle "IM"]
[WhiteElo "2371"]
[BlackElo "2439"]
[WhiteFideId "24178012"]
[BlackFideId "4122690"]
[EventDate "2018.12.26"]

1. d4 Nf6 2. c4 g6 3. Nc3 d5 4. Bg5 Ne4 5. Bh4 Nxc3 6. bxc3 dxc4 7. e3 Be6 8.
Be2 Bg7 9. Nh3 O-O 10. Nf4 Bf5 11. Bxc4 c5 12. O-O Nc6 13. Qe2 cxd4 14. cxd4 Rc8
15. Rac1 Qd6 16. Bg3 Qa3 17. Qd2 Rfd8 18. Bd3 Bxd3 19. Nxd3 e5 20. Nxe5 Nxe5 21.
Rxc8 Rxc8 22. Bxe5 Bxe5 23. dxe5 Qc3 24. Qd7 Qc7 25. Qd4 b5 26. Rd1 a5 27. g3 b4
28. Qd5 Qc5 29. e6 Qxd5 30. Rxd5 fxe6 31. Rxa5 Rc1+ 32. Kg2 Rc2 33. Ra6 Kf7 34.
Ra7+ Kg8 35. g4 h6 36. Re7 Rc6 37. Rb7 Ra6 38. Rxb4 Rxa2 39. Rb7 g5 40. Re7 Ra6
41. Kf3 Kf8 42. Rh7 e5 43. h3 Rb6 44. Ke4 Kg8 45. Re7 Rb2 46. f3 Rh2 47. Rxe5
Rxh3 48. f4 gxf4 49. exf4 Kf7 50. Rh5 Rg3 51. Kf5 Kg7 52. g5 1-0

[Event "World Rapid 2018"]
[Site "St Petersburg RUS"]
[Date "2018.12.27"]
[Round "7.72"]
[White "Lobanov, Sergei"]
[Black "Popov, Ivan RUS"]
[Result "1/2-1/2"]
[WhiteTitle "IM"]
[BlackTitle "GM"]
[WhiteElo "2526"]
[BlackElo "2592"]
[WhiteFideId "24183750"]
[BlackFideId "4170350"]
[EventDate "2018.12.26"]

1. e4 c5 2. Nf3 Nf6 3. Nc3 d5 4. exd5 Nxd5 5. d4 Nxc3 6. bxc3 e6 7. Bd3 Be7 8.
O-O Nc6 9. Bf4 O-O 10. Ne5 Nxe5 11. Bxe5 Bd6 12. Qh5 g6 13. Qh6 Bxe5 14. dxe5
Bd7 15. Rae1 f5 16. exf6 Qxf6 17. Re3 Rad8 18. h4 Qf4 19. Qxf4 Rxf4 20. Be4 Bb5
21. Rb1 Ba6 22. g3 Rf7 23. Bd3 Bxd3 24. Rxd3 Rd5 25. Re1 Rfd7 26. Rxe6 Rxd3 27.
cxd3 Rxd3 28. Re7 b5 29. Rxa7 Rxc3 30. Kf1 b4 31. Ke2 h5 32. Kd2 Kf8 33. Rc7 Rf3
34. Ke2 Rc3 35. Kd2 Kg8 36. Ke2 Kf8 37. Kd2 Kg8 38. a3 Rxa3 1/2-1/2

[Event "World Rapid 2018"]
[Site "St Petersburg RUS"]
[Date "2018.12.27"]
[Round "7.73"]
[White "Hirneise, Jens"]
[Black "Reshetnikov, Alexey"]
[Result "0-1"]
[WhiteTitle "FM"]
[BlackTitle "IM"]
[WhiteElo "2371"]
[BlackElo "2492"]
[WhiteFideId "24614734"]
[BlackFideId "4162080"]
[EventDate "2018.12.26"]

1. e4 c5 2. Nf3 Nc6 3. d4 cxd4 4. Nxd4 e6 5. Nc3 Qc7 6. Be2 a6 7. a3 Nf6 8. Be3
Be7 9. f4 d6 10. g4 Nxd4 11. Qxd4 e5 12. Qd1 exf4 13. Bxf4 Be6 14. g5 Nd7 15.
Nd5 Bxd5 16. Qxd5 Ne5 17. O-O-O Rc8 18. c3 O-O 19. h4 Qb6 20. Qd4 Qa5 21. Qb4
Qc7 22. Qb3 b5 23. Bxe5 dxe5 24. Bg4 Rcd8 25. Rxd8 Qxd8 26. Rd1 Qb6 27. Qd5 Qe3+
28. Kb1 Qf4 29. Bd7 Qxh4 30. Qxe5 Bxg5 31. Bc6 Bf4 32. Qc5 h5 33. Rg1 g6 34. Rf1
Qg3 35. Ka2 h4 36. Bd5 Kg7 37. Qe7 Qg5 38. Qxg5 Bxg5 39. e5 Be7 40. Bb7 a5 41.
Bc6 Rb8 42. Bd5 f5 43. exf6+ Bxf6 44. Be6 Rb6 45. Bd7 b4 46. cxb4 axb4 47. axb4
Rxb4 48. Rf2 g5 49. Rg2 Kg6 50. b3 Rd4 51. Be6 Rd6 52. Bc8 Rd8 53. Bb7 h3 54.
Be4+ Kg7 55. Rg3 Rd2+ 56. Ka3 h2 57. b4 Rd4 58. Bc6 Be7 59. Rb3 g4 60. Ka4 Bd6
61. Ka5 Rd1 62. b5 h1=Q 63. Bxh1 Rxh1 64. Rd3 g3 65. Rxd6 g2 66. Rd7+ Kf6 67.
Rd6+ Ke7 0-1